| 000 | 00351cam a22001097a 4500 | ||
|---|---|---|---|
| 008 | 180718b1971 xxu||||| |||| 00| 0 eng d | ||
| 082 | _aK615x42 Un3a | ||
| 245 |
_aAbsenteeism _cby Department of Employment, United Kingdom |
||
| 260 |
_aLondon _bHer Majesty's Stationery Office _c1971 |
||
| 300 | _a49p. | ||
| 700 | _aUnited Kingdom. Department of Employment | ||
| 999 |
_c500098 _d500098 |
||